French Phrases - Statistics

General Stats
  • This quiz has been taken 35,797 times
  • The average score is 14 of 20
Answer Stats
French English % Correct
Au revoir Goodbye
99%
Parlez-vous anglais ? Do you speak English?
92%
Comment ça va ? How are you?
92%
S'il vous plaît Please
91%
Je t'aime I love you
89%
Quelle heure est-il ? What time is it?
84%
Je ne sais pas I don't know
80%
D'accord Okay
78%
Comment vous appelez-vous ? What's your name?
78%
Je voudrais un café I would like a coffee
73%
Enchanté Nice to meet you
72%
Désolé Sorry
70%
Il fait froid It's cold
68%
Allons-y Let's go
60%
Je suis perdu I am lost
58%
Peut-être Maybe
57%
Comment dit-on … ? How do you say …
52%
Combien ça coûte ? How much does it cost?
52%
Quoi de neuf ? What's new?
37%
Au secours ! Help!
32%
No matching quizzes found
Score Distribution
Percent of People with Each Score
Percentile by Number Answered
Your Score History
You have not taken this quiz